Elementa philosophiae recentioris : usibus iuventutis scholasticae accommodata /

Bibliographic Details
Main Author: Baumeister, Friedrich Christian, 1709-1785
Format: Book
Language:Latin
Published: Hildesheim ; New York : Olms, 2003.
Series:Wolff, Christian, Freiherr von, 1679-1754. Works. 1962 ; 3. Abt., Bd. 83.
Subjects:

MARC

Tag First Indicator Second Indicator Subfields
LEADER 00000cam a22000003a 4500
001 in00002177613
005 20151104060844.0
008 030318r20031747gw a 000 0 lat d
020 |a 3487117711 
029 1 |a NLGGC  |b 269630767 
029 1 |a NLGGC  |b 243046189 
035 |a (OCoLC)ocm52225143 
040 |a COO  |c COO  |d NLGGC  |d TXA  |d UtOrBLW 
049 |a TXAM 
050 4 |a B2722.A3  |b E25 Abt. 3, Bd. 83 
084 |a 08.24  |2 bcl 
100 1 |a Baumeister, Friedrich Christian,  |d 1709-1785. 
245 1 0 |a Elementa philosophiae recentioris :  |b usibus iuventutis scholasticae accommodata /  |c Friedrich Christian Baumeister. 
264 1 |a Hildesheim ;  |a New York :  |b Olms,  |c 2003. 
300 |a 550 pages :  |b illustrations ;  |c 19 cm. 
336 |a text  |b txt  |2 rdacontent 
337 |a unmediated  |b n  |2 rdamedia 
338 |a volume  |b nc  |2 rdacarrier 
490 1 |a Gesammelte Werke, Materialien und Dokumente / Christian Wolff ;  |v 3. Abt., Bd. 83 
650 0 |a Philosophy. 
650 1 7 |a Logica.  |2 gtt 
650 1 7 |a Metafysica.  |2 gtt 
650 1 7 |a Ethiek.  |2 gtt 
800 1 |a Wolff, Christian,  |c Freiherr von,  |d 1679-1754.  |t Works.  |f 1962 ;  |v 3. Abt., Bd. 83. 
948 |a cataloged  |b h  |c 2006/7/13  |d c  |e jgreene  |f 5:46:06 pm 
994 |a C0  |b TXA 
999 |a MARS 
999 f f |s 19be30f8-d192-3882-9562-cf0f7ed6d42a  |i c450abb4-e2a5-32c6-91cc-e500092a74f9  |t 0 
952 f f |p ric  |a Texas A&M University  |b Rellis Campus  |c Joint Library Facility  |d Remote Storage  |t 0  |e B2722.A3 E25 Abt.3, Bd.83  |h Library of Congress classification  |i unmediated -- volume  |m A14834564619 
998 f f |a B2722.A3 E25 Abt.3, Bd.83  |t 0  |l Remote Storage